| 000 | 00614nam a22001577a 4500 | ||
|---|---|---|---|
| 003 | OSt | ||
| 005 | 20150909155852.0 | ||
| 008 | 150909b xxu||||| |||| 00| 0 eng d | ||
| 040 | _cRUA | ||
| 082 | _aAGR ហុក 1994 B009 Or.1 | ||
| 100 |
_9192 _aហុក សៀង |
||
| 245 | _aលក្ខណៈរូប-គីមីដីកូឡូវីអាល់ក្នុងប្រពលវប្បកម្មដំណាំស្វាយចន្ទីស្រុកបាភ្នំខេត្តព្រៃវែង | ||
| 260 |
_aPhnom Penh _bRUA _c1994 |
||
| 300 |
_a102p. _bill. _c29cm. |
||
| 942 |
_2ddc _cAGR |
||
| 999 |
_c172 _d172 |
||